Normal view MARC view
  • Industrial design coordination

Entry Topical Term

Number of records used in: 2

001 - CONTROL NUMBER

  • control field: 37517

003 - CONTROL NUMBER IDENTIFIER

  • control field: OSt

005 - DATE AND TIME OF LATEST TRANSACTION

  • control field: 20150329135427.0

008 - FIXED-LENGTH DATA ELEMENTS

  • fixed length control field: 150329|| aca||babn | a|a d

040 ## - CATALOGING SOURCE

  • Original cataloging agency: OSt

150 ## - HEADING--TOPICAL TERM

  • Topical term or geographic name as entry element: Industrial design coordination

450 ## - SEE FROM TRACING--TOPICAL TERM

  • Topical term or geographic name entry element: Coordination of industrial designs

450 ## - SEE FROM TRACING--TOPICAL TERM

  • Topical term or geographic name entry element: Corporate design coordination

450 ## - SEE FROM TRACING--TOPICAL TERM

  • Topical term or geographic name entry element: Corporate style

450 ## - SEE FROM TRACING--TOPICAL TERM

  • Topical term or geographic name entry element: Design coordination, Industrial

450 ## - SEE FROM TRACING--TOPICAL TERM

  • Topical term or geographic name entry element: House style

450 ## - SEE FROM TRACING--TOPICAL TERM

  • Topical term or geographic name entry element: Visual designs (Industrial publicity)

550 ## - SEE ALSO FROM TRACING--TOPICAL TERM

  • Topical term or geographic name entry element: Industrial publicity

550 ## - SEE ALSO FROM TRACING--TOPICAL TERM

  • Topical term or geographic name entry element: Corporate image